| 000 | 00846nam a22001577a 4500 | ||
|---|---|---|---|
| 003 | OSt | ||
| 005 | 20150916170144.0 | ||
| 008 | 150916b xxu||||| |||| 00| 0 eng d | ||
| 040 | _cRUA | ||
| 082 | _aAGR BUT 2004 B029 Or.1 | ||
| 100 |
_9619 _aBUTH MOROKOT |
||
| 245 | _aImpact of pest damage on corn cultivated in different spacing rate in cindition of royal university of agriculture,(ឥទ្ធិពលនៃការរាតត្បាតពីសំណាក់សត្វល្អិត និងជំងឺទៅលើដំាំណាំពោតដែលមានចន្លោះគុម្ពផ្សេងៗគ្នានៅលក្ខខ័ណ្ឌសាកលវិទ្យាល័យភូមិន្ទកសិកម្ម) | ||
| 260 |
_aphnom penh _bRUA _c2004 |
||
| 300 |
_aiv,56p. _cill. _g29cm. |
||
| 942 |
_2ddc _cAGR |
||
| 999 |
_c594 _d594 |
||